Spell the Marvel Hero #119 - Statistics

General Stats
  • This quiz has been taken 18 times
  • The average score is 6 of 9
Answer Stats
Picture Answer % Correct
Rocket Raccoon
100%
War Machine
100%
Human Torch
92%
Angel
83%
Kitty Pryde
67%
Superior Octopus
67%
Starhawk
58%
Auntie Ante
42%
Taegukgi
25%
No matching quizzes found
Score Distribution
Percent of People with Each Score
Percentile by Number Answered
Your Score History
You have not taken this quiz